Vyjednavač : knižní rozhovor s elitním policistou /
Zkušený policejní vyjednavač hovoří o náplni své práce, osvědčených vyjednávacích strategiích a rovněž vypjatých situacích, které musel řešit v rámci své profese.
Uloženo v:
| Hlavní autor: | |
|---|---|
| Další autoři: | |
| Médium: | E-kniha |
| Jazyk: | Czech |
| Vydáno: |
V Brně :
CPress,
2023
|
| Vydání: | 1. vydání |
| Témata: | |
| Tagy: |
Žádné tagy |
| LEADER | 02780nam a2200577 i 4500 | ||
|---|---|---|---|
| 001 | 312096 | ||
| 003 | CZ PrSKC | ||
| 005 | 20260601215716.0 | ||
| 007 | ta | ||
| 008 | 230921s2023 xr a e 000 0dcze | ||
| 015 | |a cnb003549143 | ||
| 020 | |a 9788026449089 |q (vázáno) : |c Kč 399,00 | ||
| 035 | |a (OCoLC)1408815738 | ||
| 040 | |a BOA001 |b cze |e rda | ||
| 043 | |a e-xr--- | ||
| 045 | |a y-y- | ||
| 072 | 7 | |a 351 |x Úkoly veřejné správy, správní opatření, legislativa |2 Konspekt | |
| 080 | |a 351.74-051 |2 MRF | ||
| 080 | |a 316.776-051 |2 MRF | ||
| 080 | |a 316.776 |2 MRF | ||
| 080 | |a 316.772:005.931 |2 MRF | ||
| 080 | |a (437.3) |2 MRF | ||
| 080 | |a (047.53) |2 MRF | ||
| 100 | 1 | |a Pošíval, Karel |7 hka20231203409 |4 aut | |
| 245 | 1 | 0 | |a Vyjednavač : |b knižní rozhovor s elitním policistou / |c Karel Pošíval, Markéta Nekolová |
| 250 | |a 1. vydání | ||
| 264 | 1 | |a V Brně : |b CPress, |c 2023 | |
| 300 | |a 231 stran : |b ilustrace ; |c 21 cm | ||
| 336 | |a text |b txt |2 rdacontent | ||
| 337 | |a bez média |b n |2 rdamedia | ||
| 338 | |a svazek |b nc |2 rdacarrier | ||
| 520 | 2 | |a Zkušený policejní vyjednavač hovoří o náplni své práce, osvědčených vyjednávacích strategiích a rovněž vypjatých situacích, které musel řešit v rámci své profese. |b Policista Karel Pošíval je jedním z těch, kteří zachraňují lidské životy nasloucháním a mluvením. V otevřeném rozhovoru vypráví o svých nejzajímavějších případech, vysvětluje techniky vyjednávání a ukazuje, jak je využít i v běžných situacích. Nakladatelská anotace. Kráceno. | |
| 600 | 1 | 7 | |a Pošíval, Karel |7 hka20231203409 |2 czenas |
| 648 | 7 | |a 21. století |7 ch460559 |2 czenas | |
| 650 | 0 | 7 | |a policisté |7 ph124229 |z Česko |y 21. století |2 czenas |
| 650 | 0 | 7 | |a vyjednávači |7 ph1170956 |z Česko |y 21. století |2 czenas |
| 650 | 0 | 7 | |a vyjednávání |7 ph127270 |2 czenas |
| 650 | 0 | 7 | |a krizová komunikace |7 ph686892 |2 czenas |
| 650 | 0 | 9 | |a policemen |z Czechia |y 21st century |2 eczenas |
| 650 | 0 | 9 | |a negotiators |z Czechia |y 21st century |2 eczenas |
| 650 | 0 | 9 | |a negotiation |2 eczenas |
| 650 | 0 | 9 | |a crisis communication |2 eczenas |
| 655 | 7 | |a rozhovory |7 fd133303 |2 czenas | |
| 655 | 9 | |a interviews |2 eczenas | |
| 700 | 1 | |a Nekolová, Markéta |7 mzk2005294907 |4 aut | |
| 900 | |a ABA001 |b 19 | ||
| 928 | 9 | |a Albatros Media - CPress | |
| 044 | |a xr | ||
| 910 | |a RBIT002 | ||
| 998 | |d 387107 |a https://core.palmknihy.cz/api/books/387107/cover?t1644m |b https://core.palmknihy.cz/api/books/387107/cover/400?t1644m |c https://core.palmknihy.cz/api/books/387107/cover/50?t1644m |e 2050-12-31 |g 232 |i 9788026449089 |j https://core.palmknihy.cz/api/books/387107/preview.epub |k https://core.palmknihy.cz/api/books/387107/preview.pdf |l |q 49 |r 1 |s https://www.palmknihy.cz/kniha/387107 |t ebook |y 2023 |z 0 | ||
| 999 | |d 312094 | ||